Ekologické a socioekonomické hodnotenie vegetácie

Saved in:
Bibliographic Details
Main Author: Jurko, Anton
Format: Book
Language:Slovak
Published: Bratislava Príroda 1990
Edition:1. vyd.
Series:Ochrana prírody
Tags: Add Tag
No Tags, Be the first to tag this record!

MARC

LEADER 00000nam a2200000 4500
001 c034658
005 20221215070441.7
041 0 |a slo 
044 |a SK 
245 1 0 |a Ekologické a socioekonomické hodnotenie vegetácie  |c Anton Jurko 
250 |a 1. vyd. 
264 1 |a Bratislava  |b Príroda  |c 1990 
300 |a 195 s.  |e príl. 
490 1 |a Ochrana prírody 
830 0 |a Ochrana prírody 
100 1 |a Jurko, Anton